| 000 | 00399cam a2200157ua 4500 | ||
|---|---|---|---|
| 041 |
_aeng _h |
||
| 082 |
_a823.308 _bRHY/SI |
||
| 100 | _aRhys, Sirjohn . | ||
| 245 |
_aSir Thomas Malory Le Morte D`Arthur / _cSirjohn Rhys. _hTextual Documents |
||
| 250 |
_a1 / _b. |
||
| 260 |
_aLondon : _bJ M Dent and Sons Ltd , _c1961. |
||
| 300 | _a409 ; . | ||
| 504 | _a | ||
| 942 | _cBK | ||
| 999 |
_c8715 _d8715 |
||